[Event "2 Bundesliga Mitte 2006/2007"]
[Site "Ansfelden"]
[Date "2007.01.27"]
[Round "6"]
[Board "4"]
[White "Ebner, Hubert"]
[Black "Krebs, Johann"]
[Result "1/2-1/2"]
[WhiteElo "2276"]
[BlackElo "2276"]
[PlyCount "24"]
[EventDate "2006.10.28"]
[EventType "team"]
[EventRounds "11"]
[EventCountry "AUT"]
[WhiteTeam "Austria Graz"]
[BlackTeam "Strassenbahn Graz"]

1.d4 c5 2.d5 Nf6 3.c4 g6 4.Nc3 Bg7 5.e4 d6 6.Bd3 O-O 7.h3 e6 8.Nf3 exd5 9.cxd5
b5 10.O-O b4 11.Nb1 Nbd7 12.a3 c4

[Event "2 Bundesliga Mitte 2006/2007"]
[Site "Ansfelden"]
[Date "2007.01.27"]
[Round "6"]
[Board "5"]
[White "Pesorda, Ivan"]
[Black "Aschenbrenner, Robert"]
[Result "1/2-1/2"]
[WhiteElo "2250"]
[BlackElo "2280"]
[PlyCount "30"]
[EventDate "2006.10.28"]
[EventType "team"]
[EventRounds "11"]
[EventCountry "AUT"]
[WhiteTeam "Strassenbahn Graz"]
[BlackTeam "Austria Graz"]

1.d4 Nf6 2.c4 c5 3.dxc5 e6 4.a3 Bxc5 5.Nf3 O-O 6.b4 Be7 7.Bb2 a5 8.b5 b6 9.e3 d6
10.Be2 Bb7 11.O-O Nbd7 12.Nc3 Rc8 13.Rc1 Qc7 14.Nd4 Rfe8 15.Na4 Bf8

[Event "2 Bundesliga Mitte 2006/2007"]
[Site "Ansfelden"]
[Date "2007.01.27"]
[Round "6"]
[Board "6"]
[White "Kastner, Walter"]
[Black "Steiner, Stefan"]
[Result "1-0"]
[WhiteElo "2239"]
[BlackElo "2229"]
[PlyCount "69"]
[EventDate "2006.10.28"]
[EventType "team"]
[EventRounds "11"]
[EventCountry "AUT"]
[WhiteTeam "Austria Graz"]
[BlackTeam "Strassenbahn Graz"]

1.e4 Nc6 2.Nc3 Nf6 3.g3 d5 4.exd5 Nxd5 5.Bg2 Nf6 6.Nge2 Bf5 7.d3 Qd7 8.h3 e5
9.Be3 Bb4 10.a3 Ba5 11.Bc5 Nd8 12.g4 Be6 13.Qd2 Nd5 14.b4 Bb6 15.Ne4 f6 16.c4
Ne7 17.Bxe7 Bd4 18.Nc5 Qxe7 19.Nxd4 exd4 20.O-O Kf7 21.Rae1 c6 22.Re4 Qd6
23.Rfe1 Re8 24.f4 b6 25.Nxe6 Nxe6 26.c5 bxc5 27.Qa2 Kf8 28.Rxe6 Qxf4 29.bxc5 Qg3
30.Rxe8+ Rxe8 31.Rxe8+ Kxe8 32.Qg8+ Ke7 33.Qxg7+ Ke6 34.Qg8+ Ke7 35.Qxh7+

[Event "2 Bundesliga Mitte 2006/2007"]
[Site "St Veit"]
[Date "2007.01.27"]
[Round "6"]
[Board "1"]
[White "Kaspret, Guido"]
[Black "Neubauer, Martin"]
[Result "1/2-1/2"]
[WhiteElo "2325"]
[BlackElo "2480"]
[PlyCount "38"]
[EventDate "2006.10.28"]
[EventType "team"]
[EventRounds "11"]
[EventCountry "AUT"]
[WhiteTeam "Maria Saal"]
[BlackTeam "ASVOe Raika StVeit/Glan"]

1.c4 Nf6 2.Nc3 c5 3.Nf3 Nc6 4.d4 cxd4 5.Nxd4 e6 6.Ndb5 d5 7.Bf4 e5 8.cxd5 exf4
9.dxc6 bxc6 10.Qxd8+ Kxd8 11.Rd1+ Bd7 12.Nd6 Bxd6 13.Rxd6 Rb8 14.Rd2 Re8 15.g3
f3 16.Kd1 fxe2+ 17.Bxe2 Kc7 18.Bc4 Be6 19.Bxe6 Rxe6

[Event "2 Bundesliga Mitte 2006/2007"]
[Site "St Veit"]
[Date "2007.01.27"]
[Round "6"]
[Board "2"]
[White "Rogic, Davor"]
[Black "Horvath, Gabor"]
[Result "0-1"]
[WhiteElo "2494"]
[BlackElo "2273"]
[PlyCount "108"]
[EventDate "2006.10.28"]
[EventType "team"]
[EventRounds "11"]
[EventCountry "AUT"]
[WhiteTeam "ASVOe Raika StVeit/Glan"]
[BlackTeam "Maria Saal"]

1.e4 c5 2.Nf3 Nc6 3.d4 cxd4 4.Nxd4 e5 5.Nb5 d6 6.N1c3 a6 7.Na3 b5 8.Nd5 Nge7
9.c4 Nd4 10.cxb5 Nxd5 11.exd5 Bd7 12.Be3 axb5 13.Bxd4 exd4 14.Bd3 Qa5+ 15.Kf1
Be7 16.Qe2 Kf8 17.Nc2 Bf6 18.Qe1 Qxe1+ 19.Kxe1 g6 20.Nb4 Kg7 21.Rc1 Bg5 22.Rc2
Rhc8 23.Rxc8 Rxc8 24.Ke2 Rc5 25.Be4 f5 26.Bf3 Rc4 27.a3 Bc1 28.Nd3 Bxb2 29.Nxb2
Rc2+ 30.Kd3 Rxb2 31.Rc1 Kf6 32.Rc7 Ke7 33.Ra7 Ra2 34.Ra5 Rxf2 35.Kxd4 g5 36.h3
Ra2 37.g4 Rf2 38.Ke3 Rh2 39.Ra7 Rxh3 40.Kf2 f4 41.Be4 Kd8 42.Ra8+ Kc7 43.Ra7+
Kc8 44.Ra8+ Kb7 45.Rg8 Bxg4 46.Rg7+ Kb6 47.Bxh7 Rh2+ 48.Kg1 Rh5 49.Bg8 Bf3
50.Be6 Kc5 51.Kf2 Be4 52.Bf7 Rh2+ 53.Kf1 f3 54.Rxg5 Bd3+

[Event "2 Bundesliga Mitte 2006/2007"]
[Site "St Veit"]
[Date "2007.01.27"]
[Round "6"]
[Board "3"]
[White "Reschun, Sascha"]
[Black "Jurkovic, Hryoje"]
[Result "1/2-1/2"]
[WhiteElo "2234"]
[BlackElo "2438"]
[PlyCount "113"]
[EventDate "2006.10.28"]
[EventType "team"]
[EventRounds "11"]
[EventCountry "AUT"]
[WhiteTeam "Maria Saal"]
[BlackTeam "ASVOe Raika StVeit/Glan"]

1.e4 c5 2.Nf3 e6 3.d4 cxd4 4.Nxd4 a6 5.Nc3 Qc7 6.Bd3 Nc6 7.Nb3 Nf6 8.O-O Be7
9.f4 d6 10.Qe2 b5 11.a3 Bb7 12.Bd2 O-O 13.Rae1 Nd7 14.Rf3 g6 15.Rh3 Bf6 16.Nd1
b4 17.axb4 Nxb4 18.Bc3 a5 19.Nd2 Bxc3 20.Nxc3 a4 21.Ndb1 Rfb8 22.Rd1 Qc5+ 23.Kh1
Bc6 24.Na3 Na2 25.Bb5 Nxc3 26.Rxc3 Bxb5 27.Nxb5 Qxb5 28.Rc8+ Kg7 29.Qxb5 Rxb5
30.Rxa8 Nc5 31.Rxd6 Rxb2 32.g3 Nxe4 33.Rc6 Rb4 34.Kg2 g5 35.fxg5 Nxg5 36.Rac8
Rd4 37.h3 Rd2+ 38.Kf1 Ne4 39.Rc4 Nxg3+ 40.Ke1 Re2+ 41.Kd1 Rg2 42.Rg4+ Kf6
43.Rxa4 e5 44.Rc7 e4 45.Raa7 e3 46.Rxf7+ Kg6 47.Rg7+ Kf5 48.Raf7+ Ke4 49.Re7+
Kf4 50.Rgf7+ Nf5 51.c4 Rd2+ 52.Ke1 Rc2 53.h4 Rxc4 54.h5 Rc5 55.Ke2 Rc2+ 56.Ke1
Rh2 57.Rxf5+

[Event "2 Bundesliga Mitte 2006/2007"]
[Site "St Veit"]
[Date "2007.01.27"]
[Round "6"]
[Board "4"]
[White "Hebesberger, Thomas"]
[Black "Lako, Laszlo"]
[Result "1-0"]
[WhiteElo "2333"]
[BlackElo "2179"]
[PlyCount "107"]
[EventDate "2006.10.28"]
[EventType "team"]
[EventRounds "11"]
[EventCountry "AUT"]
[WhiteTeam "ASVOe Raika StVeit/Glan"]
[BlackTeam "Maria Saal"]

1.d4 Nf6 2.Bg5 Ne4 3.Bf4 c5 4.d5 Qa5+ 5.c3 f5 6.Nd2 Nxd2 7.Qxd2 d6 8.g4 fxg4
9.h3 Na6 10.hxg4 Bxg4 11.Bh3 Bxh3 12.Nxh3 g6 13.Ng5 Nc7 14.Nxh7 Bg7 15.Qd3 O-O-O
16.Bd2 c4 17.Qxc4 Qxd5 18.Qxd5 Nxd5 19.O-O-O Be5 20.e3 Rdg8 21.f4 Bf6 22.e4 Nc7
23.Be3 Ne6 24.Nxf6 exf6 25.Rxh8 Rxh8 26.Rxd6 Re8 27.f5 gxf5 28.exf5 Nc7 29.Bh6
Rh8 30.Rxf6 Nd5 31.Re6 Kd7 32.Rg6 Ne7 33.Rf6 Nxf5 34.Bf4 Ne7 35.Rd6+ Kc8 36.b4
a6 37.Kc2 Rf8 38.Bd2 Kc7 39.Rd3 Nc6 40.a4 Rf2 41.Kb3 Kc8 42.Be1 Re2 43.Bg3 Re7
44.Bf2 Nb8 45.Rh3 Nd7 46.Rh8+ Kc7 47.Bg3+ Kc6 48.Rc8+ Kd5 49.Rc7 b6 50.Ka3 Rg7
51.Bf2 b5 52.Bd4 Rh7 53.Ra7 bxa4 54.Kxa4

[Event "2 Bundesliga Mitte 2006/2007"]
[Site "St Veit"]
[Date "2007.01.27"]
[Round "6"]
[Board "5"]
[White "Eichert, Wolfgang"]
[Black "Ceschia, Ivano"]
[Result "0-1"]
[WhiteElo "2159"]
[BlackElo "2286"]
[PlyCount "82"]
[EventDate "2006.10.28"]
[EventType "team"]
[EventRounds "11"]
[EventCountry "AUT"]
[WhiteTeam "Maria Saal"]
[BlackTeam "ASVOe Raika StVeit/Glan"]

1.e4 c5 2.c3 Nf6 3.e5 Nd5 4.d4 cxd4 5.Nf3 Nc6 6.cxd4 d6 7.Bc4 Nb6 8.Bb3 d5 9.h3
Bf5 10.Nh4 Bxb1 11.Rxb1 e6 12.Nf3 Bb4+ 13.Kf1 Be7 14.h4 Qd7 15.Rh3 O-O-O 16.Rg3
Rdg8 17.Ng5 Bd8 18.Ba4 Nxa4 19.Qxa4 h6 20.Nh3 Kb8 21.Rc3 g5 22.Be3 Nxe5 23.Rbc1
Bb6 24.Qxd7 Nxd7 25.hxg5 hxg5 26.Nxg5 Rh1+ 27.Ke2 Rxc1 28.Rxc1 Bxd4 29.Nxf7 Bxe3
30.Kxe3 Rxg2 31.Nd6 Rg8 32.Kd4 a6 33.Rc2 Rg4+ 34.Ke3 Nb6 35.b3 e5 36.f3 d4+
37.Kd3 Rf4 38.Ke2 d3+ 39.Kxd3 Rd4+ 40.Ke3 Rxd6 41.Ke4 Nd7

[Event "2 Bundesliga Mitte 2006/2007"]
[Site "St Veit"]
[Date "2007.01.27"]
[Round "6"]
[Board "1"]
[White "Vajda, Levente"]
[Black "Pinter, Jozsef"]
[Result "1-0"]
[WhiteElo "2524"]
[BlackElo "2532"]
[PlyCount "95"]
[EventDate "2006.10.28"]
[EventType "team"]
[EventRounds "11"]
[EventCountry "AUT"]
[WhiteTeam "ZH Technologies Wolfsberg"]
[BlackTeam "Fuerstenfeld"]

1.e4 e5 2.Nf3 Nc6 3.Bc4 Bc5 4.c3 Nf6 5.d4 exd4 6.cxd4 Bb4+ 7.Bd2 Bxd2+ 8.Nbxd2
d5 9.exd5 Nxd5 10.O-O O-O 11.Ne5 Nce7 12.Re1 c6 13.Ne4 Bf5 14.Nc5 Qc7 15.Qb3 b6
16.Ne4 Rad8 17.Rac1 Bxe4 18.Rxe4 Rd6 19.h4 Qd8 20.a4 Re6 21.Rce1 Qc7 22.h5 h6
23.R1e2 Rd8 24.Qf3 Rf6 25.Qa3 Re6 26.Qh3 Rf8 27.Re1 Nc8 28.Rc1 Nde7 29.Ba2 Rd6
30.Rce1 Re6 31.f4 f5 32.R4e2 Rff6 33.Qf3 Kh7 34.b4 Rd6 35.b5 cxb5 36.Ng6 Rxg6
37.hxg6+ Kxg6 38.axb5 Qd7 39.Bc4 Ng8 40.Re5 Nce7 41.Be6 Rxe6 42.Rxe6+ Kh7 43.Qe3
Ng6 44.Qd3 Qd5 45.Rxg6 Kxg6 46.Re5 Qd7 47.g4 Ne7 48.Rxe7

[Event "2 Bundesliga Mitte 2006/2007"]
[Site "St Veit"]
[Date "2007.01.27"]
[Round "6"]
[Board "2"]
[White "Wach, Markus"]
[Black "Vajda, Albert"]
[Result "1/2-1/2"]
[WhiteElo "2385"]
[BlackElo "2478"]
[PlyCount "32"]
[EventDate "2006.10.28"]
[EventType "team"]
[EventRounds "11"]
[EventCountry "AUT"]
[WhiteTeam "Fuerstenfeld"]
[BlackTeam "ZH Technologies Wolfsberg"]

1.e4 c6 2.d4 d5 3.exd5 cxd5 4.c4 e6 5.cxd5 exd5 6.Nc3 Nf6 7.Bd3 Be7 8.Nf3 Nc6
9.h3 O-O 10.O-O h6 11.Bf4 Be6 12.Rc1 Re8 13.Bb1 Nh7 14.Qd2 Nf8 15.Rfe1 Rc8
16.Re2 a6

[Event "2 Bundesliga Mitte 2006/2007"]
[Site "St Veit"]
[Date "2007.01.27"]
[Round "6"]
[Board "4"]
[White "Kilgus, Georg"]
[Black "Reichmann, Egon"]
[Result "1-0"]
[WhiteElo "2360"]
[BlackElo "2336"]
[PlyCount "87"]
[EventDate "2006.10.28"]
[EventType "team"]
[EventRounds "11"]
[EventCountry "AUT"]
[WhiteTeam "Fuerstenfeld"]
[BlackTeam "ZH Technologies Wolfsberg"]

1.d4 Nf6 2.c4 g6 3.g3 Bg7 4.Bg2 O-O 5.Nc3 d6 6.Nf3 Nc6 7.O-O e5 8.d5 Na5 9.Nd2
c5 10.dxc6 Nxc6 11.Nde4 Ne8 12.Nd5 h6 13.b3 f5 14.Nec3 Be6 15.Bb2 g5 16.f4 gxf4
17.gxf4 e4 18.Kh1 Kh7 19.Qd2 Qh4 20.Rad1 Rd8 21.e3 Bf7 22.Qf2 Qxf2 23.Rxf2 Bh5
24.Rdd2 Rf7 25.Bf1 Bf3+ 26.Kg1 Nf6 27.Be2 Ng4 28.Bxf3 exf3 29.Rxf3 Nf6 30.Rf1
Rg8 31.Nxf6+ Bxf6+ 32.Kf2 Rfg7 33.Kf3 Rg4 34.Rxd6 Rh4 35.Rxf6 Rh3+ 36.Ke2 Rg2+
37.Rf2 Rxf2+ 38.Kxf2 Rxh2+ 39.Kf3 Rxb2 40.Rxf5 Kg6 41.Rb5 b6 42.Rd5 Nb4 43.Rd6+
Kh5 44.Ne4

[Event "2 Bundesliga Mitte 2006/2007"]
[Site "St Veit"]
[Date "2007.01.27"]
[Round "6"]
[Board "5"]
[White "Zechner, Gernot"]
[Black "Postl, Anton"]
[Result "0-1"]
[WhiteElo "2245"]
[BlackElo "2292"]
[PlyCount "64"]
[EventDate "2006.10.28"]
[EventType "team"]
[EventRounds "11"]
[EventCountry "AUT"]
[WhiteTeam "ZH Technologies Wolfsberg"]
[BlackTeam "Fuerstenfeld"]

1.e4 c5 2.Nf3 d6 3.d4 cxd4 4.Nxd4 Nf6 5.Nc3 a6 6.f3 e5 7.Nb3 Be6 8.Be3 Be7 9.Qd2
O-O 10.O-O-O Nbd7 11.g4 b5 12.g5 Nh5 13.Kb1 Nb6 14.h4 Ng3 15.Rg1 Nxf1 16.Rgxf1
Nc4 17.Qe2 Qc7 18.Nd5 Bxd5 19.Rxd5 Rfc8 20.Bc1 Rab8 21.f4 a5 22.f5 a4 23.Nd2 Nb6
24.Rxb5 Qxc2+ 25.Ka1 a3 26.b3 d5 27.exd5 Bc5 28.Qxe5 Re8 29.Rxc5 Qxc5 30.Qg3
Nxd5 31.Nc4 Qd4+ 32.Kb1 Qxc4

[Event "2 Bundesliga Mitte 2006/2007"]
[Site "St Veit"]
[Date "2007.01.27"]
[Round "6"]
[Board "6"]
[White "Poetz, Florian"]
[Black "Toefferl, Heimo"]
[Result "1-0"]
[WhiteElo "2079"]
[BlackElo "2164"]
[PlyCount "95"]
[EventDate "2006.10.28"]
[EventType "team"]
[EventRounds "11"]
[EventCountry "AUT"]
[WhiteTeam "Fuerstenfeld"]
[BlackTeam "ZH Technologies Wolfsberg"]

1.e4 e6 2.d4 d5 3.Nc3 Bb4 4.e5 c5 5.a3 Ba5 6.b4 cxd4 7.bxa5 dxc3 8.Qg4 Kf8
9.Qb4+ Ne7 10.Qxc3 Nbc6 11.a6 bxa6 12.Nf3 Bb7 13.Bd3 Rc8 14.O-O Qa5 15.Qb3 Qb6
16.Qa4 Na5 17.Be3 Qc7 18.Qg4 Nc4 19.Bd4 Ng6 20.Rfe1 Qe7 21.h4 h5 22.Qg3 Rh6
23.a4 Bc6 24.Ng5 Kg8 25.f4 Qd7 26.f5 exf5 27.e6 fxe6 28.Nxe6 Nge5 29.Bxf5 Rf8
30.Nxf8 Qxf5 31.Bxe5 Nxe5 32.Qxe5 Qxf8 33.Qd4 Rg6 34.Rf1 Qc8 35.Ra3 Qd7 36.Rf4
Qb7 37.Rb3 Qc7 38.Rbf3 Qb7 39.Rb3 Qc7 40.Rbf3 Qb7 41.Rf2 Qb1+ 42.Kh2 Qb8 43.g3
Qb1 44.Qe5 d4 45.Rf8+ Kh7 46.Qxh5+ Rh6 47.Qf5+ Rg6 48.Rf1

[Event "2 Bundesliga Mitte 2006/2007"]
[Site "Graz"]
[Date "2007.01.27"]
[Round "6"]
[Board "1"]
[White "Haba, Petr"]
[Black "Schmidt, Peter"]
[Result "1/2-1/2"]
[WhiteElo "2514"]
[BlackElo "2395"]
[PlyCount "79"]
[EventDate "2006.10.28"]
[EventType "team"]
[EventRounds "11"]
[EventCountry "AUT"]
[WhiteTeam "SC Ansfelden"]
[BlackTeam "Sauwald"]

1.e4 d6 2.d4 Nf6 3.Nc3 g6 4.Be3 c6 5.h3 Nbd7 6.f4 b5 7.a3 a6 8.e5 Nd5 9.Nxd5
cxd5 10.Nf3 Bg7 11.Bd3 Nb6 12.b3 Bf5 13.Bxf5 gxf5 14.Qd3 Qd7 15.g4 fxg4 16.hxg4
O-O-O 17.O-O-O h6 18.f5 Kb7 19.g5 hxg5 20.Nxg5 Rxh1 21.Rxh1 dxe5 22.Nxf7 Rf8
23.dxe5 d4 24.Rh7 dxe3 25.Qxd7+ Nxd7 26.Rxg7 Kc6 27.e6 Nf6 28.Rg3 Nd5 29.c4 bxc4
30.bxc4 Nb6 31.Rxe3 Nxc4 32.Ne5+ Nxe5 33.Rxe5 Rd8 34.Ra5 Rd5 35.Rxa6+ Kb7 36.Ra4
Rxf5 37.Rd4 Kc6 38.Rd7 Re5 39.Rxe7 Kd6 40.Rd7+

[Event "2 Bundesliga Mitte 2006/2007"]
[Site "Graz"]
[Date "2007.01.27"]
[Round "6"]
[Board "2"]
[White "Taggatz, Mario"]
[Black "Knoll, Hermann"]
[Result "1/2-1/2"]
[WhiteElo "2283"]
[BlackElo "2373"]
[PlyCount "73"]
[EventDate "2006.10.28"]
[EventType "team"]
[EventRounds "11"]
[EventCountry "AUT"]
[WhiteTeam "Sauwald"]
[BlackTeam "SC Ansfelden"]

1.Nf3 Nf6 2.c4 g6 3.Nc3 Bg7 4.e4 d6 5.d4 O-O 6.h3 e5 7.d5 a5 8.Bg5 Na6 9.Nd2 Qe8
10.g4 Nd7 11.h4 f6 12.Be3 f5 13.gxf5 gxf5 14.exf5 Ndc5 15.Nde4 Bxf5 16.Ng3 Qd7
17.Nxf5 Qxf5 18.Bh3 Qf6 19.Qe2 e4 20.O-O-O Bh6 21.Kb1 Bxe3 22.fxe3 Kh8 23.Rdf1
Qe5 24.Rxf8+ Rxf8 25.Rg1 Qf6 26.Qg4 Qg6 27.Qd1 Qe8 28.Qg4 Qg6 29.Qd1 Qe8 30.Qg4
Qe7 31.Qg2 Qf7 32.Be6 Qg6 33.Qh1 Qh6 34.Qg2 Qg6 35.Qh1 Qh6 36.Qg2 Qg6 37.Qh1

[Event "2 Bundesliga Mitte 2006/2007"]
[Site "Graz"]
[Date "2007.01.27"]
[Round "6"]
[Board "3"]
[White "Hellmayr, Alois"]
[Black "Testor, Sebastian"]
[Result "1/2-1/2"]
[WhiteElo "2315"]
[BlackElo "2233"]
[PlyCount "42"]
[EventDate "2006.10.28"]
[EventType "team"]
[EventRounds "11"]
[EventCountry "AUT"]
[WhiteTeam "SC Ansfelden"]
[BlackTeam "Sauwald"]

1.Nf3 Nf6 2.b3 d5 3.Bb2 e6 4.e3 Be7 5.d4 O-O 6.Nbd2 b6 7.Be2 Bb7 8.O-O Nbd7 9.c4
Re8 10.Rc1 a6 11.Re1 c5 12.a3 Rc8 13.Bf1 Bf8 14.Rc2 Ne4 15.Nxe4 dxe4 16.Ne5 Nxe5
17.dxe5 Qxd1 18.Rxd1 Red8 19.Rcd2 Be7 20.Rxd8+ Rxd8 21.Rxd8+ Bxd8

[Event "2 Bundesliga Mitte 2006/2007"]
[Site "Graz"]
[Date "2007.01.27"]
[Round "6"]
[Board "4"]
[White "Kirschner, Alexander"]
[Black "Rumpl, Erwin"]
[Result "0-1"]
[WhiteElo "2256"]
[BlackElo "2288"]
[PlyCount "84"]
[EventDate "2006.10.28"]
[EventType "team"]
[EventRounds "11"]
[EventCountry "AUT"]
[WhiteTeam "Sauwald"]
[BlackTeam "SC Ansfelden"]

1.c4 g6 2.Nc3 Bg7 3.g3 d6 4.Bg2 e5 5.e3 Nf6 6.Nge2 O-O 7.O-O Re8 8.d3 Nc6 9.Rb1
Bf5 10.e4 Bd7 11.Nd5 Nxd5 12.cxd5 Ne7 13.b4 c6 14.dxc6 bxc6 15.a4 Be6 16.Be3 Qd7
17.d4 exd4 18.Bxd4 f5 19.Bxg7 Kxg7 20.Qd4+ Kg8 21.Nc3 a5 22.b5 c5 23.Qd2 Rad8
24.Rfd1 Rf8 25.Rb2 fxe4 26.Nxe4 Nf5 27.Qxa5 Nd4 28.Qc3 Qg7 29.Qa3 Bg4 30.Rd3 Qf7
31.Re3 Kh8 32.Qc3 Qg7 33.h3 Bf5 34.Rd2 Rfe8 35.Ng5 h6 36.Ne4 Bxe4 37.Bxe4 Rxe4
38.Qd3 Rxe3 39.Qxe3 Rf8 40.f4 g5 41.Kh2 gxf4 42.gxf4 Rg8

[Event "2 Bundesliga Mitte 2006/2007"]
[Site "Graz"]
[Date "2007.01.27"]
[Round "6"]
[Board "5"]
[White "Mittermayr, Gerhard"]
[Black "Niederwieser, Peter"]
[Result "0-1"]
[WhiteElo "2178"]
[BlackElo "2162"]
[PlyCount "78"]
[EventDate "2006.10.28"]
[EventType "team"]
[EventRounds "11"]
[EventCountry "AUT"]
[WhiteTeam "SC Ansfelden"]
[BlackTeam "Sauwald"]

1.e4 e6 2.d4 d5 3.Nd2 Nf6 4.e5 Nfd7 5.Bd3 c5 6.c3 Nc6 7.Ne2 cxd4 8.cxd4 f6 9.Nf4
Nxd4 10.Qh5+ Ke7 11.Ng6+ hxg6 12.exf6+ Kxf6 13.Qxh8 Kf7 14.f4 Nc5 15.Bb1 Bd7
16.Qh7 Qf6 17.O-O Bb5 18.Nf3 Nxf3+ 19.Rxf3 Qd4+ 20.Be3 Qd1+ 21.Kf2 Qe2+ 22.Kg3
Ne4+ 23.Bxe4 dxe4 24.f5 Bd6+ 25.Kh3 exf5 26.Rxf5+ gxf5 27.Qxf5+ Kg8 28.Qe6+ Kh8
29.Bg5 Qh5+ 30.Bh4 Qe5 31.Qxe5 Bxe5 32.Rc1 Bd7+ 33.g4 Rc8 34.Re1 Rc4 35.Rd1 Rd4
36.Rc1 e3 37.Rg1 e2 38.Be1 g5 39.Bc3 Rd3+

[Event "2 Bundesliga Mitte 2006/2007"]
[Site "Graz"]
[Date "2007.01.27"]
[Round "6"]
[Board "6"]
[White "Kuran, Avelino"]
[Black "Dumancic, Pero"]
[Result "0-1"]
[WhiteElo "1993"]
[BlackElo "2185"]
[PlyCount "76"]
[EventDate "2006.10.28"]
[EventType "team"]
[EventRounds "11"]
[EventCountry "AUT"]
[WhiteTeam "Sauwald"]
[BlackTeam "SC Ansfelden"]

1.e4 e6 2.d4 d5 3.Nc3 dxe4 4.Nxe4 Be7 5.Nf3 Nf6 6.Nxf6+ Bxf6 7.c3 O-O 8.Bd3 Nd7
9.Qe2 c5 10.O-O cxd4 11.cxd4 Nb6 12.Rd1 Nd5 13.Ne5 b6 14.Qe4 g6 15.Bh6 Bg7
16.Bxg7 Kxg7 17.Rac1 Bb7 18.Ng4 Qd6 19.Bc4 Rac8 20.Qe5+ Qxe5 21.dxe5 Rfd8 22.b3
Nf4 23.Ne3 Kf8 24.Kf1 g5 25.g3 Ng6 26.Ng4 Rxd1+ 27.Rxd1 Bf3 28.Be2 Bxg4 29.Bxg4
Nxe5 30.Be2 Ke7 31.Rd2 Rc5 32.b4 Rc1+ 33.Kg2 Nc4 34.Rd4 Nd6 35.g4 Rc2 36.Bd3 Rd2
37.Kf3 e5 38.Ke3 Rxa2

[Event "2 Bundesliga Mitte 2006/2007"]
[Site "Graz"]
[Date "2007.01.27"]
[Round "6"]
[Board "1"]
[White "Flumbort, Andras"]
[Black "Zaja, Ivan"]
[Result "1/2-1/2"]
[WhiteElo "2510"]
[BlackElo "2445"]
[PlyCount "40"]
[EventDate "2006.10.28"]
[EventType "team"]
[EventRounds "11"]
[EventCountry "AUT"]
[WhiteTeam "ASK St Valentin"]
[BlackTeam "SG Alpine Raika Trofaiach Niklasdorf"]

1.d4 Nf6 2.c4 e6 3.Nc3 Bb4 4.Qc2 c5 5.dxc5 Bxc5 6.Nf3 Qb6 7.e3 a6 8.Bd2 Qc7
9.Na4 b6 10.Bc3 Nc6 11.Nxc5 bxc5 12.a3 a5 13.Nd2 d6 14.Rb1 e5 15.Bd3 Nb4 16.axb4
axb4 17.Bxb4 cxb4 18.Ne4 Nxe4 19.Bxe4 Ra6 20.O-O Be6

[Event "2 Bundesliga Mitte 2006/2007"]
[Site "Graz"]
[Date "2007.01.27"]
[Round "6"]
[Board "2"]
[White "Bukal, Vladimir Jun"]
[Black "Sandhoefner, Florian"]
[Result "1-0"]
[WhiteElo "2407"]
[BlackElo "2271"]
[PlyCount "111"]
[EventDate "2006.10.28"]
[EventType "team"]
[EventRounds "11"]
[EventCountry "AUT"]
[WhiteTeam "SG Alpine Raika Trofaiach Niklasdorf"]
[BlackTeam "ASK St Valentin"]

1.d4 d5 2.c4 c6 3.Nf3 Nf6 4.Nc3 dxc4 5.a4 Bf5 6.e3 e6 7.Bxc4 Bb4 8.O-O O-O 9.Qe2
Nbd7 10.e4 Bg6 11.e5 Nd5 12.Ne4 h6 13.Ng3 a5 14.Bd3 Bxd3 15.Qxd3 c5 16.Qe4 Rc8
17.Qg4 Kh8 18.Qh3 Kh7 19.Nh5 cxd4 20.Nxg7 Rxc1 21.Raxc1 Kxg7 22.Qg4+ Kh7 23.Qxd4
b6 24.Rc4 Nc5 25.Qd1 Rg8 26.Qc2+ Kg7 27.Rd1 Qd7 28.Rdd4 Nb7 29.Rh4 Bf8 30.Rxh6
Bc5 31.Rg4+ Kf8 32.Rxg8+ Kxg8 33.Ng5 Kf8 34.Rh8+ Ke7 35.Ne4 Nb4 36.Qc1 Qd4
37.Nxc5 bxc5 38.Qg5+ Kd7 39.h3 Nd3 40.Qf6 Nxe5 41.Rb8 Kc7 42.Qh8 Kb6 43.Qe8 Nc6
44.Rc8 Qd1+ 45.Kh2 Qd6+ 46.g3 f5 47.h4 Ne5 48.Qb5+ Ka7 49.Qe2 f4 50.Qe4 f3
51.Re8 c4 52.h5 Kb6 53.Kh3 Nc5 54.Qe3 Kb7 55.h6 Qd1 56.Qxe5

[Event "2 Bundesliga Mitte 2006/2007"]
[Site "Graz"]
[Date "2007.01.27"]
[Round "6"]
[Board "3"]
[White "Tober, Gerhard"]
[Black "Stuhlik, Marko"]
[Result "1/2-1/2"]
[WhiteElo "2329"]
[BlackElo "2229"]
[PlyCount "39"]
[EventDate "2006.10.28"]
[EventType "team"]
[EventRounds "11"]
[EventCountry "AUT"]
[WhiteTeam "ASK St Valentin"]
[BlackTeam "SG Alpine Raika Trofaiach Niklasdorf"]

1.e4 g6 2.d4 Bg7 3.Nc3 c6 4.a4 d6 5.g3 Nf6 6.Bg2 a5 7.Nge2 O-O 8.h3 e5 9.Be3 Na6
10.dxe5 dxe5 11.Qxd8 Rxd8 12.Bb6 Re8 13.Bxa5 Nd7 14.Nd1 Nac5 15.Bd2 Rxa4 16.Rxa4
Nxa4 17.O-O b5 18.b3 Nac5 19.Nb2 Bb7 20.Ra1

[Event "2 Bundesliga Mitte 2006/2007"]
[Site "Graz"]
[Date "2007.01.27"]
[Round "6"]
[Board "4"]
[White "Mitter, Gerd"]
[Black "Heimberger, Reinhard"]
[Result "0-1"]
[WhiteElo "2194"]
[BlackElo "2294"]
[PlyCount "84"]
[EventDate "2006.10.28"]
[EventType "team"]
[EventRounds "11"]
[EventCountry "AUT"]
[WhiteTeam "SG Alpine Raika Trofaiach Niklasdorf"]
[BlackTeam "ASK St Valentin"]

1.Nf3 d5 2.c4 c6 3.g3 Nf6 4.Bg2 dxc4 5.O-O Nbd7 6.Na3 Nb6 7.Ne5 Be6 8.Qc2 g6
9.Naxc4 Nxc4 10.Nxc4 Bg7 11.d3 O-O 12.a4 Nd5 13.Bd2 Qd7 14.a5 Bh3 15.Bc3 Bxg2
16.Kxg2 Qg4 17.Bxg7 Kxg7 18.e3 Rad8 19.Ra4 Qe6 20.Qe2 b5 21.axb6 axb6 22.Nd2 c5
23.Qf3 Nb4 24.d4 b5 25.Rxb4 cxb4 26.Ra1 f5 27.Ra7 Rd7 28.Rb7 Rc8 29.Rxb5 Rc2
30.Re5 Qa2 31.Nf1 Qxb2 32.h4 Qc3 33.Nh2 b3 34.g4 b2 35.gxf5 b1=Q 36.Rxe7+ Rxe7
37.f6+ Kf8 38.fxe7+ Kxe7 39.Ng4 Qb6 40.Ne5 Qf6 41.Qb7+ Qc7 42.Qb4+ Ke8

[Event "2 Bundesliga Mitte 2006/2007"]
[Site "Graz"]
[Date "2007.01.27"]
[Round "6"]
[Board "5"]
[White "Kranzl, Peter"]
[Black "Spirk, Stefan"]
[Result "1/2-1/2"]
[WhiteElo "2258"]
[BlackElo "2125"]
[PlyCount "46"]
[EventDate "2006.10.28"]
[EventType "team"]
[EventRounds "11"]
[EventCountry "AUT"]
[WhiteTeam "ASK St Valentin"]
[BlackTeam "SG Alpine Raika Trofaiach Niklasdorf"]

1.e4 e6 2.d4 d5 3.exd5 exd5 4.Bd3 Bd6 5.Nf3 Ne7 6.Bg5 f6 7.Bh4 Bf5 8.O-O Nbc6
9.Re1 Qd7 10.Bg3 Bxd3 11.Qxd3 O-O-O 12.Nbd2 Nf5 13.Bxd6 Nxd6 14.c3 g5 15.Nb3 b6
16.Nfd2 Rde8 17.a4 Rxe1+ 18.Rxe1 Re8 19.Rxe8+ Nxe8 20.a5 Nd6 21.axb6 axb6 22.h3
Nd8 23.Qf3 Qf5

[Event "2 Bundesliga Mitte 2006/2007"]
[Site "Graz"]
[Date "2007.01.27"]
[Round "6"]
[Board "6"]
[White "Soelkner, Karl"]
[Black "Trauner, Rudolf"]
[Result "1-0"]
[WhiteElo "2065"]
[BlackElo "2233"]
[PlyCount "111"]
[EventDate "2006.10.28"]
[EventType "team"]
[EventRounds "11"]
[EventCountry "AUT"]
[WhiteTeam "SG Alpine Raika Trofaiach Niklasdorf"]
[BlackTeam "ASK St Valentin"]

1.Nf3 Nf6 2.c4 e6 3.g3 b6 4.Bg2 Bb7 5.O-O Be7 6.d4 O-O 7.Nc3 Ne4 8.Nxe4 Bxe4
9.Ne5 Bxg2 10.Kxg2 d6 11.Nf3 d5 12.cxd5 Qxd5 13.Bf4 Qb7 14.Rc1 Na6 15.Qa4 c5
16.Kg1 Rfd8 17.Rfd1 Rac8 18.dxc5 Nxc5 19.Rxd8+ Rxd8 20.Qc2 a5 21.Ng5 g6 22.Nf3
Bf6 23.a3 a4 24.Be5 Bxe5 25.Nxe5 Qd5 26.Qc3 Qd2 27.Qxd2 Rxd2 28.Nc4 Rxe2 29.Kf1
Re4 30.Nxb6 Nd3 31.f3 Re5 32.Rc2 Ra5 33.Ke2 Nc5 34.Rc4 Ra6 35.Rb4 Kf8 36.Kd2 Ke7
37.Kc3 Kd6 38.Nc4+ Kd5 39.Rb8 Ra7 40.Rd8+ Kc6 41.Rc8+ Kd5 42.Rd8+ Kc6 43.Ne5+
Kb6 44.Rb8+ Ka6 45.Kb4 Rc7 46.Rb5 Nb7 47.Kxa4 Rc2 48.b4 f6 49.Nd7 f5 50.Rb6+ Ka7
51.Rxe6 Rxh2 52.b5 Nd8 53.Re7 Rh3 54.Ka5 Rxg3 55.Nc5+ Kb8 56.Na6+